000 00559cam a22002172a 4500
001 026232
003 AR-FADEU
008 311216n1996####xxu####################dd
020 _a980-317-101-1
092 _a324.8
_bC759
100 _aContreras Q., Carlos, omp.
245 _aReforma polĂ­tica gobernabilidad y desarrollo social
260 _aVenezuela
260 _bNueva Sociedad
260 _c1996
300 _a212 p
440 _aRetos del siglo XXI
500 _aIncluye bibliografĂ­a
650 _aPOLITICA-AMERICA LATINA
942 _cBDGR
999 _c31914
_d31914